Представление документа в формате RUSMARC

ПолеНазваниеЗначение
  Тип записи a
  Библиографический уровень a
001 Контрольный номер RU/CBS_UL/BASE/e080228f0bf64be5b827bb9dacbc91de
005 Дата корректировки 20260417120043.9
100 Данные общей обработки __
a Данные общей обработки 20260417 ||| 0rusy0189 ca
101 Язык документа 0_
a Язык текста rus
102 Страна публикации __
a Страна публикации RU
200 Заглавие и сведения об ответственности 1_
a Заглавие Тяжеловес Джеффа Безоса
e Сведения, относящиеся к заглавию [второй пуск тяжёлой ракеты New Glenn американской компании Blue Origin]
f Первые сведения об ответственности С. Русаков
300 Общие примечания __
a Общие примечания 16+
461 Уровень набора _0
1 2000
a Взлет
463 Уровень физической единицы _0
1 2000
a № 7-8
v С. 32-40 : фото
1 2101
d 2025
1 001RU/CBS_UL/BASE/71135b3af2cc457cbe5018879bad52d4
600 Персоналии _1
a Персоналии (Фамилия) Безос
b Персоналии (Имя, инициалы) Д.
606 Тематические рубрики 0_
a Основная рубрика Космонавтика - США
y Географическая подрубрика США
610 Ключевые слова 0_
a Ключевые слова космонавтика США
610 Ключевые слова 0_
a Ключевые слова американская космонавтика
610 Ключевые слова 0_
a Ключевые слова космонавтика американская
610 Ключевые слова 0_
a Ключевые слова американские космические компании
610 Ключевые слова 0_
a Ключевые слова аэрокосмические компании
610 Ключевые слова 0_
a Ключевые слова компании аэрокосмические
610 Ключевые слова 0_
a Ключевые слова Blue Origin (аэрокосмические компании)
610 Ключевые слова 0_
a Ключевые слова New Glenn (ракеты-носители)
610 Ключевые слова 0_
a Ключевые слова ракеты-носители
610 Ключевые слова 0_
a Ключевые слова американские ракеты-носители
610 Ключевые слова 0_
a Ключевые слова ракеты-носители американские
686 Индексы других классификаций __
2 Код системы rubbk
a Классификационный индекс 39.6(7Сое)
700 Автор _1
a Фамилия Русаков
b Имя (инициалы) С.
801 Источник записи _0
a Страна RU
b Организация МБУК ЦБС г. Ульяновска
c Дата составления 20260417
g Правила каталогизации RCR
801 Источник записи _1
a Страна RU
b Организация МБУК ЦБС г. Ульяновска
c Дата составления 20260417
g Правила каталогизации RCR
901 Тип документа __
t Тип документа b
w Контрольный № источника RU/CBS_UL/BASE/71135b3af2cc457cbe5018879bad52d4
909 Создатель записи __
a Создатель записи lib2